Máquinas para movimiento de tierras : descripción - utilización - entretenimiento (Registro nro. 1064)
[ vista simple ]
| 000 -LEADER | |
|---|---|
| fixed length control field | 00871nam a2200241Ia 4500 |
| 005 - DATE AND TIME OF LATEST TRANSACTION | |
| control field | 20251020182458.0 |
| 008 - FIXED-LENGTH DATA ELEMENTS--GENERAL INFORMATION | |
| fixed length control field | 200515s9999 xx 000 0 und d |
| 082 ## - DEWEY DECIMAL CLASSIFICATION NUMBER | |
| Classification number | 624.132.1/C79 |
| 100 ## - MAIN ENTRY--PERSONAL NAME | |
| Personal name | Costes, Jean |
| 245 #0 - TITLE STATEMENT | |
| Title | Máquinas para movimiento de tierras : descripción - utilización - entretenimiento |
| 260 ## - PUBLICATION, DISTRIBUTION, ETC. | |
| Place of publication, distribution, etc. | Barcelona |
| 260 ## - PUBLICATION, DISTRIBUTION, ETC. | |
| Name of publisher, distributor, etc. | Editores Técnicos Asociados |
| 260 ## - PUBLICATION, DISTRIBUTION, ETC. | |
| Date of publication, distribution, etc. | 1970 |
| 300 ## - PHYSICAL DESCRIPTION | |
| Extent | 171 p |
| 300 ## - PHYSICAL DESCRIPTION | |
| Other physical details | il. |
| 500 ## - GENERAL NOTE | |
| General note | 2 ejemplares |
| 520 ## - SUMMARY, ETC. | |
| Summary, etc. | Destinado a capataces, jefes de obras y a los maquinistas. Tiene por objeto mas que presentar los equipos de movimiento de tierras por sí mismos, mostrar las técnicas modernas de utilización y conservación deducidas de las experiencias francesas y extranj |
| 650 ## - SUBJECT ADDED ENTRY--TOPICAL TERM | |
| Topical term or geographic name entry element | MAQUINARIAS Y EQUIPOS |
| 650 ## - SUBJECT ADDED ENTRY--TOPICAL TERM | |
| Topical term or geographic name entry element | MOVIMIENTO DE TIERRAS |
| 942 ## - ADDED ENTRY ELEMENTS (KOHA) | |
| Koha item type | Libros |
| Fecha de la última vez que lo usaron | Pago total | Signatura topográfica completa | Código de barras | Precio efectivo desde | Tipo de documento | Estado perdido | Estado dañado | No es para préstamo | Retirado | Ubicación permanente | Ubicación actual | Fecha de adquisición | Número de ejemplar |
|---|---|---|---|---|---|---|---|---|---|---|---|---|---|
| 15/05/2020 | 624.132.1/C79 | Bib-Lima15051064 | 15/05/2020 | Libros | Biblioteca Central Lima | Biblioteca Central Lima | 15/05/2020 | ||||||
| 15/05/2020 | 624.132.1/C79 | Bib-Lima16051064 | 15/05/2020 | Libros | Biblioteca Central Lima | Biblioteca Central Lima | 15/05/2020 | Ej.2 |